| 000 | 00724nam a22002777a 4500 | ||
|---|---|---|---|
| 001 | 0115 | ||
| 003 | DO-SdBNP | ||
| 005 | 20151112143511.0 | ||
| 007 | 0115 | ||
| 008 | 151005b1986 sp 00| 0 spa d | ||
| 020 | _a8402086993 | ||
| 040 |
_aBPMSU _bspa _cBPMSU |
||
| 092 |
_aXXXX _bXXXX |
||
| 100 | 1 |
_aVerne, Julio _d1828-1905 |
|
| 240 | 1 | 3 |
_aUn capitaine de quinze ans / _lfre |
| 245 | 1 | 3 |
_aUn capitán de quince años / _cJulio Verne ; ilustraciones Pedro Alférez |
| 250 | _a3a. ed. | ||
| 260 |
_aBarcelona : _bBruguera, _c1986. |
||
| 300 |
_a223 p. : _bil. _c13 cm. |
||
| 490 | 1 |
_aBruguera _v11 |
|
| 700 | 1 | 2 |
_aAlférez, Pedro _eil. |
| 830 | 0 |
_aBruguera _n11 |
|
| 910 | _a202 | ||
| 942 |
_2ddc _cBK |
||
| 956 | _aYngrid Lockward | ||
| 999 |
_c8664 _d8664 |
||